[Event "POL-ch Blitz U18"]
[Site "Bydgoszcz"]
[Date "2023.08.31"]
[Round "2"]
[White "Milewski, Filip"]
[Black "Kopacki, Aleksander"]
[Result "0-1"]
[WhiteElo "1144"]
[BlackElo "1462"]
[PlyCount "48"]
[EventDate "2023.08.28"]
[EventType "swiss"]
[EventRounds "10"]
[EventCountry "POL"]
[SourceTitle "EXT 2024"]
[Source "ChessBase"]
[SourceDate "2023.10.10"]
[SourceVersion "1"]
[SourceVersionDate "2023.10.10"]
[SourceQuality "1"]

1. d4 d5 2. c4 dxc4 3. e4 e5 4. d5 Nf6 5. Nc3 b5 6. Bg5 Bc5 7. Nxb5 Bxf2+ 8. Kxf2 Nxe4+ 9. Ke1 Nxg5 10. Bxc4 0-0 11. Nf3 Bg4 12. Rf1 e4 13. d6 cxd6 14. Bd5 exf3 15. gxf3 Re8+ 16. Kf2 Bh3 17. Bxa8 Bxf1 18. Kxf1 Qb6 19. Bd5 Qxb5+ 20. Kf2 Qxb2+ 21. Kg3 Qe5+ 22. f4 Qe3+ 23. Kg4 Qh3+ 24. Kxg5 h6# 0-1

[Event "POL-ch Rapid U18"]
[Site "Bydgoszcz"]
[Date "2023.08.29"]
[Round "3"]
[White "Wojtun, Maksymilian"]
[Black "Kopacki, Aleksander"]
[Result "0-1"]
[WhiteElo "1135"]
[BlackElo "1448"]
[PlyCount "116"]
[EventDate "2023.08.28"]
[EventType "swiss"]
[EventRounds "11"]
[EventCountry "POL"]
[SourceTitle "EXT 2024"]
[Source "ChessBase"]
[SourceDate "2023.10.10"]
[SourceVersion "1"]
[SourceVersionDate "2023.10.10"]
[SourceQuality "1"]

1. e4 c5 2. Nf3 d6 3. d4 cxd4 4. Nxd4 Nf6 5. Nc3 Nc6 6. Bc4 e6 7. Be3 Be7 8. 0-0 0-0 9. Re1 a6 10. h3 Qc7 11. Bb3 Rd8 12. Qf3 Ne5 13. Qe2 b5 14. a3 Nc6 15. f4 Nxd4 16. Bxd4 Bb7 17. Qe3 Qc6 18. Qf3 a5 19. Qg3 Ne8 20. f5 e5 21. Bf2 Nf6 22. Rad1 b4 23. Ba4 Qc8 24. Nb5 Nxe4 25. Qe3 Qxf5 26. Rf1 Nxf2 27. Rxf2 Qe4 28. Qb3 d5 29. Nc7 Rac8 30. Nb5 Bc5 31. Rdf1 Bxf2+ 32. Rxf2 Qg6 33. Qf3 e4 34. Qe2 Ba6 35. Qd2 Qe6 36. Qf4 Bxb5 37. Bxb5 bxa3 38. bxa3 Rf8 39. Ba4 Ra8 40. Bb3 a4 41. Ba2 Rad8 42. Kh1 Qd6 43. Qg5 Qg6 44. Qh4 Qb6 45. Qg3 Qb2 46. c4 Qc1+ 47. Kh2 dxc4 48. Qg4 Rd1 49. Re2 Rh1+ 50. Kg3 Qc3+ 51. Kf2 Qf6+ 52. Kg3 Qd6+ 53. Kf2 Qd4+ 54. Kg3 Qd3+ 55. Kf2 e3+ 56. Kg3 Qd6+ 57. Kf3 Rf1+ 58. Kxe3 Qd3# 0-1